YEAR BOOK OF MEDICINE 2020 (Record no. 216902)

MARC details
000 -LEADER
fixed length control field 00541nam a22001817a 4500
008 - FIXED-LENGTH DATA ELEMENTS--GENERAL INFORMATION
fixed length control field 260331b |||||||| |||| 00| 0 eng d
020 ## - INTERNATIONAL STANDARD BOOK NUMBER
International Standard Book Number 978-73-90020-68-3
050 ## - LIBRARY OF CONGRESS CALL NUMBER
Classification number RC 31 .Y 43 2020
100 ## - MAIN ENTRY--PERSONAL NAME
Personal name WANDER, GURPREET S.
245 ## - TITLE STATEMENT
Title YEAR BOOK OF MEDICINE 2020
260 ## - PUBLICATION, DISTRIBUTION, ETC.
Place of publication, distribution, etc. NEW DELHI,
Name of publisher, distributor, etc. JAYPEE BROTHERS MEDICAL PUBLISHERS,
Date of publication, distribution, etc. 2020.
300 ## - PHYSICAL DESCRIPTION
Extent XXIV, 354 P. ILL
500 ## - GENERAL NOTE
General note INCLUDES INDEX
650 ## - SUBJECT ADDED ENTRY
Topical term or geographic name entry element MEDICINE- YEAR BOOK
700 ## - ADDED ENTRY--PERSONAL NAME
Personal name SHAH, SIDDHART N. JINDAL. SUR INDER K.
942 ## - ADDED ENTRY ELEMENTS (KOHA)
Source of classification or shelving scheme Dewey Decimal Classification
Koha item type Long Loan Book
Holdings
Withdrawn status Lost status Source of classification or shelving scheme Damaged status Not for loan Collection Home library Current library Shelving location Date acquired Inventory number Total checkouts Full call number Barcode Date last seen Copy number Price effective from Koha item type
    Library of Congress Classification     Medicine Kisii University Library Kisii University Library On Display 03/31/2026 112586   RC31 .Y43 2020 a000191 03/31/2026 1 03/31/2026 Long Loan Book
    Library of Congress Classification     Medicine Kisii University Library Kisii University Library On Display 03/31/2026 112587   RC 31 .YU43 2020 a000181 03/31/2026 2 03/31/2026 Long Loan Book
    Library of Congress Classification     Medicine Kisii University Library Kisii University Library On Display 03/31/2026 112588   RC31 .Y43 2020 A000175 03/31/2026 3 03/31/2026 Long Loan Book
    Library of Congress Classification     Medicine Kisii University Library Kisii University Library On Display 03/31/2026 112589   RC31 .Y43 2020 A000179 03/31/2026 4 03/31/2026 Long Loan Book